LIBRARY ONLINE CATALOGUE

Towards unity in Kenya : (Record no. 13198)

MARC details
000 -LEADER
fixed length control field 00664nam a22002052 4500
001 - CONTROL NUMBER
control field 0000009606
005 - DATE AND TIME OF LATEST TRANSACTION
control field 20151217155841.0
008 - FIXED-LENGTH DATA ELEMENTS--GENERAL INFORMATION
fixed length control field 081113s xx 000 0 eng d
040 ## - CATALOGING SOURCE
Original cataloging agency KABU
Transcribing agency KABU
100 1# - MAIN ENTRY--PERSONAL NAME
Personal name Capon, M. G.
-- 0000161330
245 10 - TITLE STATEMENT
Title Towards unity in Kenya :
Remainder of title the story of co-operation between missions and churches in Kenya 1913-1947 /
Statement of responsibility, etc. M. G. Capon.
250 ## - EDITION STATEMENT
Edition statement 1st ed.
260 ## - PUBLICATION, DISTRIBUTION, ETC. (IMPRINT)
Place of publication, distribution, etc. Nairobi :
Name of publisher, distributor, etc. C. C. K.,
Date of publication, distribution, etc. 1962.
300 ## - PHYSICAL DESCRIPTION
Extent 101 p.
650 #0 - SUBJECT ADDED ENTRY--TOPICAL TERM
Topical term or geographic name as entry element Missions
Geographic subdivision Kenya.
-- 0000150391
650 #0 - SUBJECT ADDED ENTRY--TOPICAL TERM
Topical term or geographic name as entry element Christian union
Geographic subdivision Kenya.
-- 0000161331
852 1# - LOCATION
-- p300 KES
908 ## - PUT COMMAND PARAMETER (RLIN)
Put command parameter 081113
950 ## - LOCAL HOLDINGS (RLIN)
-- 1
Holdings
Withdrawn status Lost status Source of classification or shelving scheme Not for loan Home library Current library Date acquired Total Checkouts Full call number Barcode Date last seen Price effective from Koha item type
    Library of Congress Classification   Kabarak, Main Campus Kabarak, Main Campus 17/12/2015   BV3625 .K4C37 c. 1 15424 17/12/2015 17/12/2015 Africana Collection